000 00743nam a22002297a 4500
003 UA-OsUOA
001 122108
007 ta
008 20170410b un ||||| |||| 00| 0 ukr d
100 _aГородецька Т.Е.
700 _aФедченко В.Е.
090 _a330(477)
_bГ70
942 _cSA
040 _aUA-OsUOA
_bukr
_cUA-OsUOA
_dUA-OsUOA
245 _aМетодологічні основи функціонування системи місцевого оподаткування в Україні
300 _aС.25-29
955 _a0
041 _aukr
080 _a330(477)
773 0 _w122100
_tЕкономіка. Фінанси. Право.
_dК.
_d2017
_g2
650 7 _a330 Економіка взагалі
_2UDC
999 _c408077
_d408077